| 000 | 01972nam a22003377a 4500 | ||
|---|---|---|---|
| 005 | 20260217163207.0 | ||
| 008 | 260217b2018 nyu||||| |||| 00| 0 eng d | ||
| 020 | _a9781138554993 | ||
| 040 |
_aaue _ceng _erda |
||
| 041 | _aeng | ||
| 050 | 0 |
_aJZ5675 _b.R68 2018 |
|
| 245 | 0 | 0 |
_aRoutledge handbook of nuclear proliferation and policy / _cedited by Joseph F. Pilat and Nathan E. Busch. |
| 250 | _aFirst edition. | ||
| 264 | 1 |
_aNew York _bRoutledge, _c2018. |
|
| 300 |
_a521 pages: _billustrations ; _c26 cm |
||
| 336 |
_2rdacontent _atext _btxt |
||
| 337 |
_2rdamedia _aunmediated _bn |
||
| 338 |
_2rdacarrier _avolume _bnc |
||
| 504 | _aIncludes bibliographical references and index. | ||
| 520 | _aSuccessful engineers need more than strong technical skills; they also need a rock-solid ethical foundation. ENGINEERING ETHICS, Sixth Edition, equips you with the tools for the highest ethical standards and practice. It helps you understand the importance of your conduct as a future professional engineer and shows how your actions can affect the health, safety and welfare of the public and environment. Packed with examples of engineering achievements and failures, it offers intriguing case studies to give you hands-on experience grappling with modern-day ethical dilemmas, and a proven method for analysis walks you step by step through ethical problem-solving techniques. It emphasizes practical application of the Engineering Code of Ethics, sustainability and economic development, risk management, globalized standards for engineering and future challenges relating to evolving technology. | ||
| 650 | 0 | _aNuclear nonproliferation. | |
| 650 | 0 | _aNuclear arms control. | |
| 650 | 0 |
_aNuclear weapons _xGovernment policy. |
|
| 650 | 0 | _aNuclear Security. | |
| 650 | 0 | _aTerrorism. | |
| 650 | 0 | _aInternational security. | |
| 700 | 1 |
_ailat, Joseph F. _eeditor. |
|
| 700 | 1 |
_a Busch, Nathan E. _eeditor. |
|
| 942 |
_2lcc _cBK _n0 |
||
| 999 |
_c30499 _d30499 |
||